书目信息 |
| 书名: | Highlights of American literature | |
| 作者: | ||
| 分册号: | ||
| 分册名: | 出版地: | Washington, D. C. : |
|
| 出版社: | English Teaching Division, U.S.Information Agency | |
| 出版时间: | 71. | |
| 页数: | 98p. ; | |
| 开本: | 20cm. | |
| 丛书名: | ||
| 中图分类号: | ||
| 科图分类号: | ||
| 其他分类号: | H319.4 | |
| 主题词: | ||
| 电子资源: | ||
| 000 | 00619nam 22001817a 4500 | |
| 001 | E0751014937 | |
| 005 | 20070728101553.76 | |
| 008 | 03042971 1wau 000 0 eng d | |
| 020 | @cCNY2.45. | |
| 040 | @aNUL@cNUL | |
| 090 | @aK72/W1 | |
| 090 | @aH319.4 | |
| 099 | @dH319.4@ex342:1 | |
| 245 | 00 | @aHighlights of American literature :@ba course in American literature for the advanced study of English.@nBook Ⅰ. |
| 260 | @aWashington, D. C. :@bEnglish Teaching Division, U.S.Information Agency,@c71. | |
| 300 | @a98p. ;@c20cm. | |
| 710 | 2 | @aU. S. Information Agency. English Teaching Division. |
| 920 | @a232010@z2 | |
| Highlights of American literature : : a course in American literature for the advanced study of English.. Book Ⅰ.-Washington, D. C. : : English Teaching Division, U.S.Information Agency, , 71. |
| 98p. ; ; 20cm. |
| ISBN CNY2.45. |
| ● |
| 相关链接 |
|
|
|
|
正题名:Highlights of American literature
索取号:H319.4/x342:1
 
预约/预借
| 序号 | 登录号 | 条形码 | 馆藏地/架位号 | 状态 | 备注 |
| 1 | 0014356 | 300143565 | 密集书库/ [索取号:H319.4/x342:1] | 在馆 | |
| 2 | 0014357 | 300143574 | 密集书库/ [索取号:H319.4/x342:1] | 在馆 | |
| 3 | 0014358 | 300143583 | 密集书库/ [索取号:H319.4/x342:1] | 在馆 | |
| 4 | 48688 | 001424970 | 密集书库/ [索取号:H319.4/x342:1] | 在馆 | |
| 5 | 48689 | 001425050 | 密集书库/ [索取号:H319.4/x342:1] | 在馆 | |
| 6 | 48690 | 001425014 | 密集书库/ [索取号:H319.4/x342:1] | 在馆 | |
| 7 | 48691 | 001424202 | 密集书库/ [索取号:H319.4/x342:1] | 在馆 | |
| 8 | 48692 | 001425023 | 密集书库/ [索取号:H319.4/x342:1] | 在馆 | |
| 9 | 48693 | 001425069 | 密集书库/ [索取号:H319.4/x342:1] | 在馆 | |
| 10 | 48694 | 001425087 | 密集书库/ [索取号:H319.4/x342:1] | 在馆 | |
| 11 | 48695 | 001425078 | 密集书库/ [索取号:H319.4/x342:1] | 在馆 | |
| 12 | 48696 | 001425096 | 第四借阅区/ [索取号:H319.4/x342:1] | 在馆 | |
| 13 | 48697 | 001425041 | 密集书库/ [索取号:H319.4/x342:1] | 在馆 | |
| 14 | 48698 | 001424186 | 密集书库/ [索取号:H319.4/x342:1] | 在馆 | |
| 15 | 48699 | 001425103 | 第四借阅区/ [索取号:H319.4/x342:1] | 在馆 | |
| 16 | 48700 | 001425112 | 第四借阅区/ [索取号:H319.4/x342:1] | 在馆 | |
| 17 | 48701 | 202463182 | 第四借阅区/ [索取号:H319.4/x342:1] | 在馆 | |
| 18 | 48702 | 001425121 | 第四借阅区/ [索取号:H319.4/x342:1] | 在馆 | |
| 19 | 48703 | 001425032 | 第四借阅区/ [索取号:H319.4/x342:1] | 在馆 | |
| 20 | 48704 | 001424195 | 第四借阅区/ [索取号:H319.4/x342:1] | 在馆 | |
| 21 | 48705 | 202459570 | 第四借阅区/ [索取号:H319.4/x342:1] | 在馆 |